ՀՀ Գիտությունների ազգային ակադեմիայի հիմնարար գիտական գրադարան  =   Fundamental Scientific Library of NAS RA

Նկարչի կեանքից : (Record no. 152980)

MARC details
000 -LEADER
fixed length control field 00799nam a2200193 a 4500
003 - CONTROL NUMBER IDENTIFIER
control field AM-YeHGA
005 - DATE AND TIME OF LATEST TRANSACTION
control field 20250618072401.0
008 - FIXED-LENGTH DATA ELEMENTS--GENERAL INFORMATION
fixed length control field 050117s1903 ru r 000 0 arm d
040 ## - CATALOGING SOURCE
Original cataloging agency AM-YeHGA
090 ## - LOCALLY ASSIGNED LC-TYPE CALL NUMBER (OCLC); LOCAL CALL NUMBER (RLIN)
-- 154376
100 1# - MAIN ENTRY--PERSONAL NAME
Personal name Բաշինջաղյան, Գևորգ Զաքարի,
Dates associated with a name 1857-1925
9 (RLIN) 2902
245 10 - TITLE STATEMENT
Title Նկարչի կեանքից :
Remainder of title (Յիշողութիւններ) /
Statement of responsibility, etc. Գ.Զ. Բաշինջաղեան.
260 ## - PUBLICATION, DISTRIBUTION, ETC.
Place of publication, distribution, etc. Ս.-Պետերբուրգ :
Name of publisher, distributor, etc. տպ. Պուշկինյան,
Date of publication, distribution, etc. 1903.
300 ## - PHYSICAL DESCRIPTION
Extent 90 էջ ;
Dimensions 19 սմ.
650 14 - SUBJECT ADDED ENTRY--TOPICAL TERM
Topical term or geographic name entry element Հայ արվեստ
General subdivision Գեղանկարչություն
653 0# - INDEX TERM--UNCONTROLLED
Uncontrolled term Հայ անվանի գեղանկարիչներ
856 41 - ELECTRONIC LOCATION AND ACCESS
Uniform Resource Identifier <a href="http://greenstone.flib.sci.am/gsdl/collect/hajgirqn/book/nkarchi_kyanqic_1903.pdf">http://greenstone.flib.sci.am/gsdl/collect/hajgirqn/book/nkarchi_kyanqic_1903.pdf</a>
Link text Կարդալ առցանց
942 ## - ADDED ENTRY ELEMENTS (KOHA)
Source of classification or shelving scheme Universal Decimal Classification
Koha item type Գրքեր / Books
Holdings
Withdrawn status Lost status Damaged status Not for loan Collection Home library Current library Date acquired Cost, normal purchase price Total checkouts Full call number Barcode Date last seen Price effective from Koha item type Public note Source of classification or shelving scheme
        General Fundamental Scientific Library Fundamental Scientific Library 28/12/2016 8.00   AI/25 FL0033867 28/12/2016 28/12/2016 Գրքեր / Books 30 Days Loan  
        Rare Books Collection Fundamental Scientific Library Fundamental Scientific Library 28/12/2016     A/490 FL0031330 28/12/2016 28/12/2016 Գրքեր / Books ILL Non-Circ. Universal Decimal Classification


ՀՀ ԳԱԱ հիմնարար գիտական գրադարան
ՀՀ,Երևան 0019
Մարշալ Բաղրամյան 24/6
հեռախոս:(374-10) 52-47-50
Հետադարձ կապ

All site content, except where otherwise noted, is licensed under a
Creative Commons License